Biblioteca

Maltrato infantil: teoría clínica psicoanalítica / Héctor Gayo (Registro nro. 43744)

Detalles MARC
000 -LÍDER
Campo fijo de descripción fija 008850000a22002170004500
020 ## - NÚMERO INTERNACIONAL NORMALIZADO PARA LIBROS
Número Internacional Normalizado del libro 978-958-714-187-0
041 0# - CÓDIGO DE IDIOMA
Código de idioma para texto/pista de sonido o título separado
082 04 - NÚMERO DE CLASIFICACIÓN DECIMAL DEWEY
Número de clasificación G 362.76 G172m
001 - NÚMERO DE CONTROL
Campo de control 14926
100 1# - ASIENTO PRINCIPAL--NOMBRE PERSONAL
Nombre personal Gallo, Héctor
245 10 - TÍTULO
Título del Material Maltrato infantil: teoría clínica psicoanalítica / Héctor Gayo
260 ## - PUBLICACIÓN, DISTRIBUCIÓN, ETC. (PIE DE IMPRENTA)
Lugar de publicación, distribución, etc. Medellín : Editorial Universidad de Antioquia
300 ## - DESCRIPCIÓN FÍSICA
Extensión 230 Pg.
336 ## - CONTENT TYPE
Content type term texto
Content type code txt
Source rdacontent
337 ## - MEDIA TYPE
Source rdamedia
Media type term sin mediación
Media type code n
338 ## - CARRIER TYPE
Source rdacarrier
Carrier type term volumen
Carrier type code nc
505 00 - NOTA DE CONTENIDO
Nota de contenido con formato preestablecido Maltrato, subjetividad y autoridad \ Declinación del padre de familia \ Maltrato y responsabilidad \ Prostitución, voluptuosidad, explotación y acoso sexual \ Actualidad de la salud mental y lugar del sujeto
650 14 - ASIENTO SECUNDARIO DE MATERIA - TERMINO TEMÁTICO
Término temático o nombre geográfico como elemento de entrada ABUSO DEL NIÑO - ASPECTOS PSICOLÓGICOS \ NIÑOS - LEGISLACION \ Violencia familiar
942 ## - TIPO DE MATERIAL (KOHA)
Tipo de Item KOHA Libros General
Existencias
Estado de Material Estado de Perdido Estado de Dañado No para Préstamo Colección Tomo Biblioteca de Origen Biblioteca Permanente Fecha de Adquisición Total de Préstamos Signatura Topográfica Código de Barras Última vez visto Ejemplar/Existencia Fecha de Remplazo Tipo de Material
        Colección General   Biblioteca FUSBC Biblioteca FUSBC 02/03/2009   G 362.76 G172m 16998 12/12/2019 1 26/01/2016 Libros General

Biblioteca FUSBC | Teléfono: (57+4) 349 88 10 Ext. 141| WhatsApp (+57) 3005338115 
E-mail: biblioteca@unisbc.edu.co | Calle 76 87-14 Robledo Palenque, Medellín, Colombia

Con tecnología Koha